Vista normal
Vista MARC
Entrada Personal Name
Número de registros utilizados en: 13
001 - CONTROL NUMBER
- control field: 6467
003 - CONTROL NUMBER IDENTIFIER
- control field: DLC
005 - DATE AND TIME OF LATEST TRANSACTION
- control field: 20230411123103.0
008 - FIXED-LENGTH DATA ELEMENTS
- fixed length control field: 180126 a|ac|n|aab||||||||||||a |n|||||||
010 ## - LIBRARY OF CONGRESS CONTROL NUMBER
- LC control number: 84001729
040 ## - CATALOGING SOURCE
- Original cataloging agency: DLC
- Language of cataloging: spa
- Description conventions: rda
- Transcribing agency: Mx-PuUPA
- Modifying agency: DLC
- Modifying agency: UPB
- Modifying agency: Mx-PuUPA
046 ## - SPECIAL CODED DATES
- Death date: 2006?
- Source of date scheme: edtf
100 1# - HEADING--PERSONAL NAME
- Personal name: Escalada, Xavier,
- Dates associated with a name: murió 2006?,
370 ## - ASSOCIATED PLACE
- Place of birth: España
374 ## - OCCUPATION
- Occupation: Sacerdote jesuita
374 ## - OCCUPATION
- Occupation: Autor
375 ## - GENDER
- Gender: hombre
377 ## - ASSOCIATED LANGUAGE
- Language code: spa
- Source of code: MARC code list for languages
670 ## - SOURCE DATA FOUND
- Source citation: Fondo de Cultura Económica. Sitio web, 12 febrero 2018 :
- Information found: (El padre Escalada, guadalupano. Hoy se cumple un año del fallecimiento del padre Xavier Escalada, sacerdote jesuita, hombre inteligente, hombre de bien. Autor de innumerables libros, a cual mejor, y articulista en Excélsior. Nacido en España, su vocación fue de misionero. Recorrió ciudades y países, largas temporadas pasó en Japón y después en México. Aquí se sentía en su segunda patria. Aquí estuvo durante muchos años y aquí murió. Decía misa en la parroquia de San Agustín, avenida Homero, en Polanco. Escritor, tenía además facilidad de palabra, convencía con la verdad y en fechas guadalupanas fue “estrella” de televisión hablándole a la gente de la Virgen) :
- Uniform Resource Identifier: https://goo.gl/s3cnxk
670 ## - SOURCE DATA FOUND
- Source citation: Isse Núñez, A. Juan Pablo II, 1979:
- Information found: p. 5 (R.P. Xavier Escalada S.J.)
670 ## - SOURCE DATA FOUND
- Source citation: Biblioteca del congreso (Estados Unidos), 26 enero de 2018:
- Information found: catálogo electrónico
- Uniform Resource Identifier: https://goo.gl/syS9DB